Comprendre Adam Smith (notice n° 1503267)

détails MARC
000 -LEADER
fixed length control field 01435cam a2200121 4500500
005 - DATE AND TIME OF LATEST TRANSACTION
control field 20250921000832.0
041 ## - LANGUAGE CODE
Language code of text/sound track or separate title fre
042 ## - AUTHENTICATION CODE
Authentication code dc
245 00 - TITLE STATEMENT
Title Comprendre Adam Smith
260 ## - PUBLICATION, DISTRIBUTION, ETC.
Name of publisher, distributor, etc. Armand Colin,<br/>
Date of publication, distribution, etc. 2011.<br/>
520 ## - SUMMARY, ETC.
Summary, etc. Sans cesse citée, mais rarement lue, l’œuvre d’Adam Smith est victime de nombreux contresens. Elle est aussi souvent trahie par le jeu des récupérations idéologiques qui font d’elle une référence ultime justifiant toutes les dérives libérales. C’est oublier l’essentiel. Certes, Adam Smith, peut être considéré comme le fondateur de l’économie politique et le père du libéralisme. Mais il se voyait également comme un philosophe moral, écrivant aussi bien des essais relatifs à l’histoire des sciences, à l’esthétique et au droit. Sa pensée forme un tout – un système – et on ne saurait séparer la Richesse des Nations de laThéorie des sentiments moraux. D’où l’intérêt du présent ouvrage qui intègre cette dimension philosophique et pré-sociologique. Il en ressort une perception complètement renouvelée du rôle de la puissance publique, ainsi que des mécanismes de marché. Loin de défendre le seul intérêt des individus, Adam Smith valorise essentiellement la liberté et la justice, tout en critiquant le système mercantile.
856 41 - ELECTRONIC LOCATION AND ACCESS
Uniform Resource Identifier <a href="https://shs.cairn.info/comprendre-adam-smith--9782200249519?lang=fr&redirect-ssocas=7080">https://shs.cairn.info/comprendre-adam-smith--9782200249519?lang=fr&redirect-ssocas=7080</a>

Pas d'exemplaire disponible.

PLUDOC

PLUDOC est la plateforme unique et centralisée de gestion des bibliothèques physiques et numériques de Guinée administré par le CEDUST. Elle est la plus grande base de données de ressources documentaires pour les Étudiants, Enseignants chercheurs et Chercheurs de Guinée.

Adresse

627 919 101/664 919 101

25 boulevard du commerce
Kaloum, Conakry, Guinée

Réseaux sociaux

Powered by Netsen Group @ 2025